00430nam a2200157Ia 4500008004100000041000800041082002000049100001700069245003800086260004200124300000900166500003200175500000700207650002900214700002900243230125s9999 xx 000 0 und d aeng a302.35bSIN CHH aChhabra T N aOrganisation theory and behaviour c1996bDhanpat Rai and sonsaNew Delhi a687p aOrganisational Behaviour,OB aOB aOrganisational behaviour aChhabra T N & Singh B P